| 000 | 00751nam a22002057a 4500 | ||
|---|---|---|---|
| 999 |
_c20333 _d20333 |
||
| 003 | AR-CdUCM | ||
| 008 | 190529b ||||| |||| 00| 0 spa d | ||
| 040 |
_aMUNICIPALIDAD PROVINCIAL DEL CUSCO _cBIBLIOTECA MUNICIPAL DEL CUSCO |
||
| 082 |
_a376.34 / _bO64 |
||
| 100 |
_aOre, Cesar _942511 |
||
| 245 |
_aTécnica de la globalización : _bDidáctica de las materias de primer grado / |
||
| 260 |
_aLima : _bSanmarti y Cia, _c1956. |
||
| 300 |
_a270 páginas ; _bCuadros, _c25 cm. |
||
| 505 | _aContenido : Los metodos didacticos -- Metodos generales de aprendizaje -- Concepto y alcance de la didáctica... | ||
| 650 |
_aMetodología _92264 |
||
| 650 |
_aDidáctica _95011 |
||
| 650 |
_aPlan educacional _942512 |
||
| 942 |
_2ddc _cLIBROS |
||
| 945 | _arcc | ||